000 00495nam a2200193Ia 4500
005 20140405075202.0
008 140130s9999 xx 000 0 und d
020 _a0439589088
050 _aPZ 7
_b.R456 2003
100 _aRey, Margret
_931148
245 _cRey, Margret
_aCurious George makes pancakes /
260 _bScholastic,
_c2003.
_aU.S.A :
300 _a24 p. :
_bcol. ill. ;
_c22 cm.
440 _v1
_931149
521 _aG2
526 _c340
942 _cBK
_2lcc
999 _c40165
_d40165